Statistics for Top 15 Countries with Covid-19 Deaths - 3 Feb 2021

Click here to take the quiz!

General Stats

  • This quiz has been taken 10 times
  • The average score is 16 of 24

Answer Stats

country% Correct
Italy
100%
Russia
100%
United Kingdom
100%
United States
100%
Brazil
90%
France
90%
Germany
90%
India
90%
Mexico
90%
Spain
90%
Peru
80%
Argentina
70%
Belgium
70%
Colombia
70%
Iran
70%
Portugal
70%
Czechia
50%
South Africa
50%
Bulgaria
30%
Croatia
30%
Hungary
30%
Slovenia
30%
Bosnia and
Herzegovina
20%
North Macedonia
20%

Score Distribution

Percentile by Number Answered

Percent of People with Each Score

Your Score History

You have not taken this quiz